000 01350cam a2200301 i 4500
001 3033512
003 EG-ScBUE
005 20241007134707.0
008 950612s1996 enkaf f b 001 0 eng d
020 _a0198513879
040 _aDLC
_beng
_erda
_cDLC
_dDLC
_dEG-ScBUE
082 0 4 _a502.82
_222
_bATO
245 0 0 _aAtom probe field ion microscopy /
_cM. K. Miller, Metals and Ceramics Division, Oak Ridge National Laboratory, Tennessee [and three others]
264 1 _aOxford :
_bClarendon Press ;
_aNew York :
_bOxford University Press,
_c1996.
300 _axi, 509 pages, [4] pages of plates :
_billustrations (some color) ;
_c24 cm.
336 _2rdacontent
_atext
_btxt
337 _aunmediated
_2rdamedia
_bn
338 _avolume
_bnc
_2rdacarrier
490 0 _aMonographs on the physics and chemistry of materials ;
_v52
504 _aIncludes bibliographical references and index.
650 7 _aAtom-probe field ion microscopy.
_2BUEsh
_97261
655 _vReading book
700 1 _aMiller, M. K.
_q(Michael Kenneth)
_eauthor.
_97262
856 4 2 _3Publisher description
_uhttp://www.loc.gov/catdir/enhancements/fy0606/95021967-d.html
856 4 1 _3Table of contents only
_uhttp://www.loc.gov/catdir/enhancements/fy0606/95021967-t.html
942 _2ddc
_cBB
999 _c12122
_d12122